| 000 | 00994aam a2200373a 44500 | ||
|---|---|---|---|
| 008 | 000904s2000 cat | ||
| 017 | _aB-22062-2000 | ||
| 020 | _a8493100102 | ||
| 041 | _acat | ||
| 041 | _beng | ||
| 080 | _a549(038) | ||
| 100 |
_aRiba i Arderiu, Oriol _964132 |
||
| 245 | _aVocabulari de mineralogia | ||
| 245 | _cOriol, Riba i Arderiu | ||
| 260 | _aBarcelona | ||
| 260 | _bServei de Llengua Catalana. Universitat de Barcelona | ||
| 260 | _c2000 | ||
| 300 |
_a210 p. _c24 cm |
||
| 500 | _aBibliografia. Índex | ||
| 500 | _aCategoria gramatical, sinònims, remissions, notes | ||
| 520 | _a6.064 | ||
| 591 | _a6671 | ||
| 592 | _aObra terminològica | ||
| 593 | _aCG | ||
| 594 | _a6671 | ||
| 650 |
_amineralogia _962728 |
||
| 856 | _uhttps://cit.iec.cat/obresx.asp?obra=VMIN | ||
| 901 | _c<2000> | ||
| 902 | _a000904 | ||
| 942 |
_cMO _n0 _2ddc |
||
| 999 |
_c59390 _d59390 |
||